[Event "Bogota Centro Comercial op 2nd"]
[Site "Bogota"]
[Date "2024.04.14"]
[Round "6"]
[White "Valle, Efrain"]
[Black "Ramirez Beltran, Francisco Javier"]
[Result "0-1"]
[WhiteElo "2049"]
[BlackElo "1839"]
[PlyCount "34"]
[EventDate "2024.04.14"]
[EventType "swiss"]
[EventRounds "7"]
[EventCountry "COL"]
[SourceTitle "CB16_2024"]
[SourceDate "2024.04.17"]
[SourceVersion "1"]
[SourceVersionDate "2024.04.17"]
[SourceQuality "1"]

1. Nf3 Nf6 2. g3 d5 3. d4 c6 4. Bg2 h6 5. 0-0 Bf5 6. Nbd2 Nbd7 7. c4 e6 8. a3 a5 9. b3 Bd6 10. Bb2 0-0 11. Ne5 Qb8 12. Nxd7 Nxd7 13. e4 dxe4 14. Nxe4 Be7 15. d5 exd5 16. cxd5 Bxe4 17. Bxe4 Nf6 0-1